00693nam a2200241 a 4500001001300000003000900013005001700022008004100039020000900080082001600089100002600105245002800131260004900159300000900208500003500217505001000252650001600262700002600278902000800304942000700312952011500319999001700434nice12345678IN_TiNIC20260116013839.0050524s1992 dela grp 000 0 eng  ac4500a340.59bMUS aMuslehussin, Mohammad aBanking and Islamic Law aDelhibInternational Islamic Publisherc1992 a153p aincludes index and biblioraphy2 aIndex aIslamic-Law1 aMuslehussin, Mohammad bSRS cBK 001040708StackRoom-aHMIbHMId2007-05-04g45.00l0o340.59 MUSp018257r2007-05-04v45.00w2005-05-24yBK c12796d12796